| 000 | nam a22 a 4500 | ||
|---|---|---|---|
| 999 |
_c3510 _d3510 |
||
| 005 | 20170523101056.0 | ||
| 008 | 170523s2001 cau||||| |||| 00| 0 eng d | ||
| 020 | _a9781560525851 | ||
| 040 | _aAKMAL | ||
| 082 | _a658.4095 HAY | ||
| 090 |
_a658.4095 _bHAY |
||
| 100 | 1 |
_aHaynes, Marion E. _97018 |
|
| 245 | 1 | 0 |
_aPersonal time management / _c Marion E. Haynes. |
| 250 | _a3rd ed. | ||
| 260 |
_aMenlo Park, Calif. : _b Crisp Learning, _c c2001. |
||
| 300 |
_avi, 110 p. : _b ill. ; _c26cm |
||
| 490 | 1 | _aA fifty-minute series book | |
| 504 | _aIncludes bibliographical references (p. 110). | ||
| 650 | 0 |
_aTime management. _91213 |
|
| 830 | 0 |
_aFifty-Minute series _91134 |
|
| 942 |
_2ddc _cBOOK |
||